000
00321nam a2200133Ia 4500
100
_a
Quinn/Michael J
942
_c
RB
654
_a
parallel programming
245
_a
Parallel Programming in C with MPI and Open MP
260
_b
Tata Mc Graw hill
_c
2004
082
_a
005.133C
_b
QUI
300
_a
529
546
_a
ENGLISH
999
_c
21102
_d
21102